Exploring new monastic communities: the (re)invention of tradition

1. Packing our bags : a conceptual model for studying NMCs -- 2. Journeying among new piedmontese monastic communities -- 3. Success in the monastery : origins and consequences -- 4. Between 'pretenders' and 'heirs' : the (re)invention of tradition in new monasticism -- 5. Ambigu...

Full description

Saved in:  
Bibliographic Details
Main Author: Palmisano, Stefania ca. 21. Jh. (Author)
Format: Electronic Book
Language:English
Subito Delivery Service: Order now.
Check availability: HBZ Gateway
Interlibrary Loan:Interlibrary Loan for the Fachinformationsdienste (Specialized Information Services in Germany)
Published: London Routledge, 2016
In:Year: 2016
Series/Journal:Ashgate AHRC/ESRC religion and society series
Further subjects:B Monastic and religious life
B Christian Communities
B Monasticism and religious orders
Online Access: Volltext (doi)
Volltext (lizenzpflichtig)
Parallel Edition:Erscheint auch als: 9781472431912

MARC

LEADER 00000cam a22000002c 4500
001 1697994350
003 DE-627
005 20260109062756.0
007 cr uuu---uuuuu
008 200512s2016 xx |||||o 00| ||eng c
020 |a 9781315581699  |c e-book : PDF  |9 978-1-315-58169-9 
020 |a 9781317137245  |c e-book: Mobi  |9 978-1-317-13724-5 
020 |a 9781317137252  |c e-book: ePub  |9 978-1-317-13725-2 
024 7 |a 10.4324/9781315581699  |2 doi 
035 |a (DE-627)1697994350 
035 |a (DE-599)KEP052383784 
035 |a (TFG)9781315581699 
035 |a (DE-627-1)052383784 
040 |a DE-627  |b ger  |c DE-627  |e rakwb 
041 |a eng 
082 0 |a 255 
084 |a 0  |2 ssgn 
100 1 |8 1\p  |e VerfasserIn  |0 (DE-588)1080060774  |0 (DE-627)843631007  |0 (DE-576)453303668  |4 aut  |a Palmisano, Stefania  |d ca. 21. Jh. 
109 |a Palmisano, Stefania ca. 21. Jh. 
245 1 0 |a Exploring new monastic communities  |b the (re)invention of tradition  |c Stefania Palmisano 
264 1 |a London  |b Routledge,  |c 2016 
300 |a 1 online resource 
336 |a Text  |b txt  |2 rdacontent 
337 |a Computermedien  |b c  |2 rdamedia 
338 |a Online-Ressource  |b cr  |2 rdacarrier 
490 0 |a Ashgate AHRC/ESRC religion and society series 
500 |a Includes bibliographical references (pages [181]-190) and index 
520 |a 1. Packing our bags : a conceptual model for studying NMCs -- 2. Journeying among new piedmontese monastic communities -- 3. Success in the monastery : origins and consequences -- 4. Between 'pretenders' and 'heirs' : the (re)invention of tradition in new monasticism -- 5. Ambiguous legitimacy : the episcopal test of NMCs -- 6. Key insights and future challenges. 
650 0 |a Monastic and religious life 
650 0 |a Christian Communities 
650 0 |a Monasticism and religious orders 
776 1 |z 9781472431912  |c hardback 
776 0 8 |i Erscheint auch als  |n Druck-Ausgabe  |z 9781472431912 
856 4 0 |u https://www.taylorfrancis.com/books/9781315581699  |m X:TFG  |x Verlag  |z lizenzpflichtig  |7 1 
856 |u https://doi.org/10.4324/9781315581699  |x doi  |3 Volltext 
883 |8 1\p  |a cgwrk  |d 20241001  |q DE-101  |u https://d-nb.info/provenance/plan#cgwrk 
912 |a ZDB-7-TFC 
912 |a GBV-7-TFC-SBB 
951 |a BO 
ELC |a 1 
ORI |a SA-MARC-ixtheo_oa001.raw 
REL |a 1 
SUB |a REL